| 000 | 01813nam0a2200301 i 4500 | ||
|---|---|---|---|
| 001 | RU\NLR\bibl\2021875 | ||
| 005 | 20240921191123.0 | ||
| 010 |
_a9785436700571 _9500 |
||
| 021 |
_aRU _b2013-19938 _91403 |
||
| 035 | _a(NLR Aleph) 002010087 | ||
| 090 |
_a4452260 _c4452260 |
||
| 100 | _a20131026d2012 u||y0rusy50 ca | ||
| 101 | 0 | _arus | |
| 102 | _aRU | ||
| 105 | _ay ||||||||| | ||
| 200 | 1 |
_aПредпринимательская деятельность _eкурс лекций _e[учебное пособие для бакалавров "Менеджмент" и специальности "Менеджмент организации"] _fИсламиев Р.Р. _gМинобрнауки России, Федер. гос. бюдж. образоват. учреждение высш. проф. образования "Рос. гос. ун-т туризма и сервиса" (ФГБОУ ВПО "РГУТиС"), Фил. ФГБОУ ВПО "РГУТиС" в г. Перми: Каф. Менеджмента и прикл. информ. технологий |
|
| 210 |
_aПермь _cРГУТиС _d2012 |
||
| 215 |
_a173 с. _d20 |
||
| 606 | 1 |
_aПредпринимательство _jУчебные издания для высших учебных заведений _xТеоретический аспект _92087704 _3RU\NLR\AUTH\661263879 |
|
| 606 | 1 |
_aПредпринимательство _jУчебные издания для высших учебных заведений _yРоссийская Федерация _92073455 _3RU\NLR\AUTH\661248355 |
|
| 686 | 1 | _aУ010.66я73 | |
| 686 | 1 | _aУ9(2)-13(2Р)я73 | |
| 700 | 1 |
_aИсламиев _gРалиф Раифович _4070 |
|
| 801 | 0 |
_aRU _bNLR _c20130409 _gRCR |
|
| 801 | 1 |
_aRU _bNLR _c20130409 |
|
| 942 | _cBOOK | ||
| 980 | _aNBR | ||